00603nam a2200169 i 450000100060000000300090000600500170001500700030003200800410003510000380007624500620011426000500017630000380022685200310026499900170029595201210031256739ES-MaACL20231205193245.0t|031013s1944 sp ||||1| spa d1 aDiego, Gerardo,d1896-198794454513aEl romancero de la novia b: iniciales / cGerardo Diego. aMadrid : bHispánica, c1944 (fS. Aguirre) a90 p. : b1 retr. aut. ; c20 cm. aES-MaACLjE-6141 bR.90648 c56739d56739 00104070aATENEOMbATENEOMcDEPO2d2008-01-17eSCl0oE-6141p1059581r2023-02-23 00:00:00w2023-02-23yMONOGRAFIA